000 00486nam a2200181Ia 4500
005 20250703152212.0
008 008 250516s9999 xx 000 0 eng d
020 _a9781647254254
040 _beng
_cSDCL
041 _aeng
_2eng
084 _aD6512 R3
100 _aBolt, Bryanna
_9815161
245 0 _aFundamentals of Digital Electronics
260 _aNew York :
_bNY Research Press,
_c2023.
300 _a193p.
650 _aElectronic Science
_9815162
942 _cTEXL
_2CC
999 _c1430634
_d1430634